000 00588nam a2200205Ii 4500
001 4228
003 CO-ViMGA
008 241108s9999||||xx |||||||||||||| ||und||
040 _aCO-ViMGA
_bspa
_erda
_cCO-ViMGA
041 0 _aspa
082 0 4 _a511.2 N277
110 1 _aCentro Regional de Ayuda Técnica
_953159
245 1 0 _aEl Sistema de los números reales
264 1 _aMéxico : Trillas, 1970
300 _avolumen
336 _atext
_btxt
_2rdacontent
337 _aunmediated
_bn
_2rdamedia
338 _avolume
_bnc
_2rdacarrier
940 _aidficha_siabuc: 4134. -- ficha_no_siabuc:4228
999 _c49346
_d49346